000 00954nam a22002897a 4500
001 9513
003 FISKH
005 20260116121846.0
008 260116b cb ||||| |||| 00| 0 eng d
020 _a9781782094234
040 _aFISKH
_beng
_cFISKH
_dFISKH
082 _a507.8
100 _aOxlade , Chris
245 _aSuper science experiments /
_cBy Chris Oxlade : Consultant John Farndon
260 _aThaxted, Essex :
_b Miles Kelly ,
_c2014 .
300 _a96 pages :
_bcolor illustrations ;
_c30 cm .
490 _aSuper Science Experiments - Miles Kelly
505 _aZ
520 _aPacked with loads of fun activities. Super science experiments explains cool scientific ideas in a simple way.
521 8 _a950
_bLexile IG
521 8 _aZ
_bRaz-Plus
650 _aExperiments
_vNon-fiction
650 _aScience
_vNon-fiction
700 _aFarndon , John
_eIllustrator
942 _2ddc
_cBK
_n0
999 _c9513
_d9513